00548nam a2200145 a 450000500170000000800410001705000200005810000160007824500770009426000500017150000190022152000250024099900190026595201180028420140513081056.0070905s19uu xx 00 eng d aDVDbPu984 2005 aLucado, Max aPunchinello and the most marvelous gift /(motion picture) /cMax Lucado. aPhilippines :bLighthouse educational,c2005. aApprox 40 min. aA story about Giving c116547d116547 001040aELbELcAVd2007-09-05eLib. Fundg250.00l0oDVD Pu984 2005pE644r2014-05-13 00:00:00w2014-05-13yAVM